000 00550ntaaa2200193 4500
003 01
005 20251027202249.0
008 0714s1973 ag 01
040 _aAR-BaBN
_bspa
_cAR-BaBN
_eaacr
_dRIC
082 _a268.4320 Sch6
100 _aSchoolland, Marian M
_917593
245 _aLlevando los pequeñitos a Dios
250 _a1 ed.
260 _aGrand Rapids :
_bWilliam B. Eerdmans Publishing Company,
_c1962
300 _a3 tomos
650 _aeducación religiosa-niños
_97172
650 _aniños-educación religiosa
_913906
942 _cBK
999 _c17424
_d17424